| 000 | 00968nam a2200253 a 4500 | ||
|---|---|---|---|
| 001 | BRCA_4067 | ||
| 005 | 20190320204532.0 | ||
| 008 | 160210s1868----fr-#######---#000-0#fre-# | ||
| 041 | _afre | ||
| 044 | _afr | ||
| 050 | 4 |
_aF1233.M4 _b.D66 2 1868 |
|
| 100 | 1 |
_aDomenech, Emmanuel _910509 |
|
| 245 | 1 | 0 |
_aHistoire du Mexique, Juarez et Maximilien correspondances inédites des présidents ministres et généraux Almonte, Santa-Ana, Gutierrez, Miramon, Marquez, Mejia, Woll, etc., etc., de Juarez de l`Empereur Maximilien et de l`Impératrice Charlotte _cpar Emmanuel Domenech. |
| 260 |
_aParís _bInternationale _c1868 |
||
| 300 |
_a2 t. en 1 v. _c19 cm. |
||
| 500 | _aVer también C127 (3 v.) | ||
| 500 | _aC140 | ||
| 505 | 0 | _aContenido: t.1. (3a. ed.). -- t.2. (2a. ed.) | |
| 600 | 1 | 4 |
_aMaximiliano _cEmperador de México _y1832-1867 _910211 |
| 600 | 1 | 4 |
_aJuárez, Benito _d1806-1872 _94845 |
| 651 | 4 |
_aMéxico _xHistoria _9614 |
|
| 902 | _aGFM | ||
| 942 |
_2lcc _cB |
||
| 999 |
_c3790 _d3790 |
||